Vlaamse steden met de meeste inwoners - Statistieken

Algemene statistieken
  • Deze quiz is 499 keer genomen
    127 sinds de laatste reset
  • De gemiddelde score is 15 van 25
Antwoordstatistieken
Plaats Inwoners Stad % Correct
1 556.138 Antwerpen
100%
2 269.191 Gent
99%
3 119.748 Brugge
98%
6 89.858 Hasselt
95%
11 72.504 Oostende
92%
12 67.838 Genk
91%
4 103.868 Leuven
90%
10 79.980 Kortrijk
88%
7 89.262 Mechelen
86%
5 90.931 Aalst
79%
9 81.803 Sint-Niklaas
74%
13 66.214 Roeselare
61%
17 47.222 Turnhout
59%
18 47.179 Dendermonde
52%
16 47.385 Vilvoorde
49%
25 42.286 Geel
41%
14 50.312 Lokeren
41%
8 87.490 Beveren-Kruibeke-Zwijndrecht
37%
22 43.718 Tongeren-Borgloon
37%
19 45.438 Deinze
32%
24 42.577 Halle
30%
15 48.328 Beringen
18%
21 44.488 Heist-op-den-Berg
14%
23 42.862 Bilzen-Hoeselt
13%
20 44.871 Dilbeek
13%
Geen overeenkomende quizzen gevonden
Scoreverdeling
Procent van Mensen met Elke Score
Percentiel versus Aantal Correcte Antwoorden
Uw Scoregeschiedenis
U heeft deze quiz nog niet genomen sinds de laatste reset